| 000 | 00391nam a2200169Ia 4500 | ||
|---|---|---|---|
| 001 | 4577 | ||
| 003 | IN-NITTTR | ||
| 005 | 20251114233001.0 | ||
| 008 | 251113s9999||||xx |||||||||||||| ||eng|| | ||
| 040 | _beng | ||
| 040 | _cIN-NITTTR | ||
| 041 | _aeng | ||
| 082 | _a629 202 J88M | ||
| 100 | _aJudge, Arthur W. | ||
| 245 | 0 |
_aModern transmission systems / _cJudge, Arthur W. |
|
| 942 |
_2ddc _cBK |
||
| 999 |
_c7213 _d7213 |
||